00519nam a2200133Ia 4500008004100000024004800041082001800089100006200107245002400169260002600193600002100219650003800240856010700278260210s9999 xx 000 0 und d a15B-069-BS, 15B-066-BS & 15B-071-BS a004.23072 MAH aMuhammad Fahad Ali, Mirza Rameez Baig & Ibrahim Ahmed 0aMAHASIB (CODE BOOK) aKarachi:bUITU,c2015 aComputer Science aBachelor of Computer Science (BS) uhttps://drive.google.com/file/d/1r1QKnLWdHCxbFr_O6szMwGxjYKiw-cxh/view?usp=sharingyClick here for PDF